UM Logo

Solutions guide introductory chemistry, a foundation, indroductory chemistry, basic chemistry / (Record no. 736)

MARC details
000 -LEADER
fixed length control field 00595nam a22001697a 4500
008 - FIXED-LENGTH DATA ELEMENTS--GENERAL INFORMATION
fixed length control field 160123b xxu||||| |||| 00| 0 eng d
020 ## - INTERNATIONAL STANDARD BOOK NUMBER
International Standard Book Number 0618305327
082 ## - DEWEY DECIMAL CLASSIFICATION NUMBER
Edition number 2004
Classification number DK12 540.76
Item number H236
100 ## - MAIN ENTRY--PERSONAL NAME
9 (RLIN) 1934
Personal name Hall, James F.
245 ## - TITLE STATEMENT
Title Solutions guide introductory chemistry, a foundation, indroductory chemistry, basic chemistry /
Statement of responsibility, etc. James F. Hall
250 ## - EDITION STATEMENT
Edition statement Fifth edition.
260 ## - PUBLICATION, DISTRIBUTION, ETC. (IMPRINT)
Place of publication, distribution, etc. Boston :
Name of publisher, distributor, etc. Houghton Mifflin Co.,
Date of publication, distribution, etc. 2004.
300 ## - PHYSICAL DESCRIPTION
Extent iv, 536 p. :
Other physical details illustrations ;
Dimensions 28 cm.
650 #0 - SUBJECT ADDED ENTRY--TOPICAL TERM
9 (RLIN) 1935
Topical term or geographic name as entry element Chemistry
General subdivision Problems, exercises, etc.
650 #0 - SUBJECT ADDED ENTRY--TOPICAL TERM
9 (RLIN) 1936
Topical term or geographic name as entry element Chemistry
942 ## - ADDED ENTRY ELEMENTS (KOHA)
Source of classification or shelving scheme Dewey Decimal Classification
Koha item type Books
Holdings
Withdrawn status Lost status Source of classification or shelving scheme Damaged status Not for loan Collection code Home library Current library Date acquired Source of acquisition Total Checkouts Full call number Date last seen Copy number Price effective from Koha item type
    Dewey Decimal Classification     K-12 UM Digos College - LIC UM Digos College - LIC 08/12/2015 Purchased   DK12 540.76 H236 2004 01/23/2016 1 01/23/2016 Books